000 00228nam a2200097Ia 4500
001 641758
005 20250826153513.0
008 250824s9999 xx 000 0 und d
245 0 _aBUZ BEBEKLER
_cMİYASE SERTBARUT
260 _bTUDEM
999 _c641758
_d641758